000 00736nam a2200253Ia 4500
008 180523s9999 xx 000 0 und d
020 _a978-981-0697-30-3
050 _aMAIN GT 3403
050 _b.V36 2009
100 _aVan der Wagen, Lynn.
245 0 _aEvent management :
245 0 _bfor tourism, cultural, business and sporting events /
245 0 _cLynn Van der Wagen.
250 _a3rd Edition
260 _aSingapore :
260 _bPearson Education South Asia,
260 _c2009
300 _a424 pages :
300 _billustrations ;
300 _c25 cm.
500 _aIncludes bibliographical references and index.
650 _aSpecial events -- Planning.
650 _xSpecial events -- Management.
999 _c356698
_d356698